Guess the Bruno Mars Song #1 - Statistics

General Stats
  • This quiz has been taken 173 times
  • The average score is 251 of 430
Answer Stats
% Correct
I
94%
you
90%
You
90%
a
88%
the
82%
me
73%
To
72%
to
72%
love
71%
do
70%
for
70%
your
70%
my
68%
when
68%
in
67%
what
67%
go
66%
grenade
66%
on
66%
it
63%
oh
63%
Oh
63%
and
62%
is
62%
but
60%
But
60%
baby
59%
where
59%
catch
58%
just
58%
was
58%
ya
58%
same
57%
all
56%
Take
56%
take
56%
No
55%
no
55%
train
55%
don't
54%
I'd
54%
jump
54%
never
54%
of
54%
would
54%
anything
53%
die
53%
ever
53%
know
53%
won't
53%
this
52%
yeah
52%
Yeah
52%
Why
51%
did
50%
front
50%
give
50%
that's
50%
That's
50%
they
50%
through
50%
Yes
50%
yes
50%
are
49%
bullet
49%
Had
49%
had
49%
hand
49%
were
49%
from
48%
understand
48%
Throw
47%
brain
46%
come
46%
if
46%
pain
46%
straight
46%
eyes
45%
open
45%
open?
45%
ask
44%
'Cause
44%
Gave
44%
how
44%
trash
44%
blade
43%
you're
43%
Easy
42%
easy
42%
first
42%
kiss
42%
tossed
42%
trouble
41%
wide
41%
then
40%
Should've
39%
known
38%
you'd
38%
I'm
37%
live
37%
bad
36%
fire
36%
ooh
35%
Ooh
35%
said
35%
Black
34%
black
34%
blue
34%
car
34%
flames
34%
"Hey"
34%
Mad
34%
smile
34%
still
34%
woman
34%
down
33%
Tell
33%
back
32%
body
32%
darling
32%
get
31%
burn
30%
devil
30%
face
30%
liar
30%
out
30%
watch
30%
loved
29%
wouldn't
28%
'til
27%
Beat
26%
rip
25%
numb
24%
brakes
22%
Uh
22%
you'll
21%
No matching quizzes found
Score Distribution
Percent of People with Each Score
Percentile by Number Answered
Your Score History
You have not taken this quiz